000 00721nam a2200229Ia 4500
001 15658
003 GE_BSU
008 181216s||||||||xx |||||||||||||| ||und||
040 _cGE_BSU
080 _a821.353.1-32
100 _aძირკვაძე, ნოდარ
245 _aსანამ ცოცხალი ხარ
245 _bმოთხრობა
245 _cრედ.შ.ზოიძე. მხატვ. გ.ხოჯაშვილი
260 _aბათუმი
260 _bსაბჭ. აჭარა
260 _c1973
300 _a155გვ. ; 20სმ.
653 _aმოთხრობა
653 _aსანამ ცოცხალი ხარ
942 _cBK
999 _c48757
_d48757